|
|
|
|
| LEADER |
00000nab a2200000 a 4500 |
| 001 |
vtls000591713 |
| 003 |
SK-MaSNL |
| 005 |
20260426055524.0 |
| 008 |
140302c1996 xo 0 slo |
| 015 |
|
|
|a SNBRB19rr/mm-uuuuu
|
| 035 |
|
|
|a CL0591852
|
| 040 |
|
|
|a SNKBUCL
|b slo
|c SNKBUCL
|e AACR2
|
| 041 |
0 |
|
|a slo
|
| 044 |
|
|
|a xo
|c SK
|
| 080 |
|
|
|a 373.54(437.6)(091):061.27(437.6)
|2 1981
|
| 080 |
|
|
|a 061.27(437.6)
|2 1981
|
| 100 |
1 |
|
|a Felix, Ján
|4 aut
|9 362264
|
| 245 |
1 |
0 |
|a Titanic národného cítenia
|c Ján Felix
|
| 610 |
2 |
7 |
|a Nadácia Gaudeamus
|2 snkbucl
|9 36068
|
| 650 |
0 |
7 |
|a gymnáziá slovenské
|2 snkbucl
|9 900220
|
| 651 |
|
7 |
|a Martin (Slovensko)
|2 snkbucl
|9 16875
|
| 651 |
|
7 |
|a Kláštor pod Znievom (Slovensko)
|2 snkbucl
|9 28361
|
| 651 |
|
7 |
|a Revúca (Slovensko)
|2 snkbucl
|9 31503
|
| 655 |
|
7 |
|a články z novín a časopisov
|2 snkbucl
|9 267496
|
| 773 |
0 |
|
|t Učiteľské noviny
|g Roč. 46, č. 26 (1996), s. 1
|
| 850 |
|
|
|a Slovenská národná knižnica v Martine
|a MTA001
|
| 852 |
|
|
|a SNK
|b KIS3GCP
|
| 958 |
|
|
|a RK
|
| 992 |
|
|
|a RBX
|
| 999 |
|
|
|c 2186096
|d 2188026
|